Current status of technically specified rubbers - an update (Record no. 41348)

MARC details
000 -LEADER
fixed length control field 00294nam a2200109Ia 4500
082 ## - DEWEY DECIMAL CLASSIFICATION NUMBER
Classification number NR:62TSR
Item number WEE
100 ## - MAIN ENTRY--AUTHOR NAME
Personal name Weereratne, Sheana
245 #0 - TITLE STATEMENT
Title Current status of technically specified rubbers - an update
260 ## - PUBLICATION, DISTRIBUTION, ETC. (IMPRINT)
Place of publication U K
Name of publisher IRSG
942 ## - ADDED ENTRY ELEMENTS (KOHA)
Koha item type Books
Holdings
Withdrawn status Lost status Damaged status Not for loan Home library Current library Date acquired Cost, normal purchase price Full call number Accession Number Koha item type
        RRII Library RRII Library 16/12/2021 25.00 NR:62TSR WEE 21635 Books